00393nam a2200133Ia 4500008004100000020001500041100002800056245001900084250000800103260003500111300000700146952009100153999001500244211105s9999 xx 000 0 und d aVYASA11100 aAkhandananda Saraswathi 0aSanyas Ka Arth a1st bSatsahitya prakashan trustc\N a48 00104070aSVYASAbSVYASAd2010-06-22l0p14180r2021-11-09 00:00:00w2021-11-09yBKS c9898d9898